[Event "Malcolm Sim mem 2"]
[Site "Toronto CAN"]
[Date "2002.03.27"]
[Round "6"]
[White "Haziprodromu, Sam"]
[Black "Paterson, Jim"]
[Result "1-0"]
[WhiteElo "1874"]
[BlackElo "1976"]
[PlyCount "85"]
[EventDate "2002.02.13"]
[EventType "tourn"]
[EventRounds "9"]
[EventCountry "CAN"]

1. e4 Nc6 2. Nf3 e5 3. Nc3 Nf6 4. d4 exd4 5. Nxd4 Bb4 6. Nxc6 bxc6 7. Qd4 Qe7
8. Bd3 d5 9. O-O c5 10. Bb5+ Kf8 11. Qd1 Bxc3 12. bxc3 dxe4 13. Ba3 g6 14. Qc1
Kg7 15. Qe3 a6 16. Bxc5 Qe6 17. Ba4 Bb7 18. Bd4 Bd5 19. h3 h6 20. Rfe1 Rhd8 21.
Bb3 Re8 22. Rad1 Bxb3 23. axb3 Kh7 24. c4 Rad8 25. Ra1 Nd7 26. Ra5 f5 27. Rea1
Ra8 28. Qf4 c5 29. Bxc5 Nxc5 30. Rxc5 Re7 31. Rd1 Qb6 32. Qd6 Qxd6 33. Rxd6 a5
34. Rcc6 Rg7 35. Ra6 Rga7 36. Rxa7+ Rxa7 37. c5 a4 38. bxa4 Rxa4 39. c6 Rc4 40.
Rd7+ Kg8 41. c7 Rxc2 42. Rd8+ Kf7 43. c8=Q 1-0

[Event "Malcolm Sim mem 2"]
[Site "Toronto CAN"]
[Date "2002.03.27"]
[Round "6"]
[White "Shah, Omar"]
[Black "Richardson, Ross"]
[Result "0-1"]
[WhiteElo "1850"]
[BlackElo "1950"]
[PlyCount "133"]
[EventDate "2002.02.13"]
[EventType "tourn"]
[EventRounds "9"]
[EventCountry "CAN"]

1. e4 c6 2. d4 d5 3. Nc3 dxe4 4. Nxe4 Bf5 5. Ng3 Bg6 6. h4 h6 7. Nh3 Nf6 8. Bc4
Nbd7 9. Nf4 Bh7 10. Qe2 Nb6 11. Bb3 Nbd5 12. Nd3 e6 13. Bd2 Bd6 14. Ne5 a5 15.
c3 a4 16. Bd1 O-O 17. O-O Qc7 18. a3 c5 19. c4 Ne7 20. Ng4 Nxg4 21. Qxg4 Bxg3
22. fxg3 Bf5 23. Qf4 Qxf4 24. Bxf4 cxd4 25. Bd6 Rfe8 26. Rc1 Nc6 27. Bf3 Ra6
28. c5 Raa8 29. Rf2 Bh7 30. Rd1 d3 31. Bh5 Bg6 32. Bxg6 fxg6 33. Rxd3 Rad8 34.
Rdf3 Nd4 35. Rf7 Nf5 36. Rxb7 Nxd6 37. cxd6 Rxd6 38. Rff7 e5 39. Rxg7+ Kh8 40.
Rh7+ Kg8 41. Rbg7+ Kf8 42. Rd7 Rxd7 43. Rxd7 Rb8 44. Rd2 Ke7 45. Kf2 Ke6 46.
Rc2 Rb3 47. g4 e4 48. g5 hxg5 49. hxg5 Kf5 50. Re2 Kf4 51. Rc2 e3+ 52. Ke2 Kxg5
53. Rc5+ Kf4 54. Rc4+ Kg3 55. Rxa4 Rxb2+ 56. Kxe3 Rb3+ 57. Ke2 g5 58. Ra5 g4
59. a4 Kxg2 60. Rg5 g3 61. a5 Ra3 62. Rh5 Ra2+ 63. Ke1 Kf3 64. Rh3 Rxa5 65. Rh6
g2 66. Rf6+ Kg3 67. Rg6+ 0-1

[Event "Malcolm Sim mem 2"]
[Site "Toronto CAN"]
[Date "2002.03.27"]
[Round "6"]
[White "Sherman, Robert"]
[Black "Sviridovitch, Slava"]
[Result "0-1"]
[WhiteElo "1897"]
[BlackElo "1872"]
[PlyCount "68"]
[EventDate "2002.02.13"]
[EventType "tourn"]
[EventRounds "9"]
[EventCountry "CAN"]

1. e4 c5 2. Nf3 e6 3. d4 cxd4 4. Nxd4 a6 5. Be2 Nf6 6. Bf3 Qc7 7. O-O Nc6 8.
Be3 Bd6 9. g3 O-O 10. Nd2 Be7 11. Bg2 Rb8 12. Qe2 Re8 13. c4 d6 14. f4 Bf8 15.
Rab1 Bd7 16. Rfc1 Nxd4 17. Bxd4 e5 18. fxe5 dxe5 19. Bc3 Bg4 20. Bf3 Bc5+ 21.
Kg2 Be6 22. a3 Rbd8 23. b4 Bd4 24. c5 Qd7 25. Bxd4 exd4 26. Qd3 Bg4 27. e5 Rxe5
28. Nc4 Bxf3+ 29. Qxf3 Rf5 30. Qd3 Qd5+ 31. Kg1 Rf3 32. Qe2 Re8 33. Qg2 d3 34.
Rb2 Qxc4 0-1

[Event "Malcolm Sim mem 2"]
[Site "Toronto CAN"]
[Date "2002.03.27"]
[Round "6"]
[White "Takov, Chris"]
[Black "Millar, David"]
[Result "0-1"]
[WhiteElo "1972"]
[BlackElo "1855"]
[PlyCount "100"]
[EventDate "2002.02.13"]
[EventType "tourn"]
[EventRounds "9"]
[EventCountry "CAN"]

1. d4 d5 2. Nf3 g6 3. g3 Bg7 4. b3 Nf6 5. Bb2 O-O 6. Bg2 h6 7. Nbd2 Be6 8. O-O
Qd7 9. c4 c6 10. Re1 Bh3 11. Bh1 Ng4 12. e4 dxe4 13. Nxe4 b6 14. Qc2 Na6 15.
Rad1 Rad8 16. d5 Nb4 17. Qd2 Bxb2 18. Qxb2 cxd5 19. a3 Qc7 20. Nc3 d4 21. Nb5
Qb8 22. axb4 e5 23. Qa2 Rd7 24. Ra1 f5 25. Nxa7 e4 26. Nc6 Qd6 27. Nfxd4 f4 28.
Rxe4 fxg3 29. fxg3 Rdf7 30. Rf4 Rxf4 31. gxf4 Qxf4 32. Bd5+ Kh8 33. Qe2 Ne3 34.
Bf3 Qg5+ 35. Kh1 Rxf3 36. Nxf3 Bg2+ 37. Kg1 Bxf3+ 38. Kf2 Qg2+ 39. Kxe3 Qxe2+
40. Kd4 Qe4+ 41. Kc3 Qxc6 42. Ra6 Qf6+ 43. Kd3 Qf5+ 44. Kd4 Qe4+ 45. Kc3 Qe3+
46. Kb2 Bd1 47. Ra3 Qd2+ 48. Kb1 Qc2+ 49. Ka1 Qc1+ 50. Ka2 Bc2 0-1

[Event "Malcolm Sim mem 2"]
[Site "Toronto CAN"]
[Date "2002.03.27"]
[Round "6"]
[White "Verma, Rajan"]
[Black "Bergeron, Florian"]
[Result "1/2-1/2"]
[WhiteElo "1795"]
[BlackElo "1907"]
[PlyCount "77"]
[EventDate "2002.02.13"]
[EventType "tourn"]
[EventRounds "9"]
[EventCountry "CAN"]

1. e4 Nf6 2. e5 Nd5 3. d4 d6 4. c4 Nb6 5. exd6 exd6 6. Nf3 Bg4 7. Be2 Be7 8.
Nc3 O-O 9. O-O c6 10. b3 d5 11. cxd5 cxd5 12. Be3 Nc6 13. Rc1 Ba3 14. Rc2 Bf5
15. Rd2 Bb4 16. Bd3 Qd7 17. Qc2 Bxd3 18. Qxd3 Rac8 19. Ng5 f5 20. Rdd1 h6 21.
Nf3 Bxc3 22. Qxc3 g5 23. Qd3 Nb4 24. Qb1 Nc6 25. Ne5 Qg7 26. Rfe1 f4 27. Bc1
Nxe5 28. dxe5 Qh7 29. Qxh7+ Kxh7 30. Ba3 Rfe8 31. Bd6 Kg6 32. Rc1 Kf5 33. f3
Rxc1 34. Rxc1 Rc8 35. Re1 Ke6 36. Re2 Nd7 37. Kf2 Nc5 38. Rd2 Nd7 39. Re2
1/2-1/2

[Event "Malcolm Sim mem 2"]
[Site "Toronto CAN"]
[Date "2002.04.03"]
[Round "7"]
[White "Bergeron, Florian"]
[Black "Shah, Omar"]
[Result "1/2-1/2"]
[WhiteElo "1907"]
[BlackElo "1912"]
[PlyCount "68"]
[EventDate "2002.02.13"]
[EventType "tourn"]
[EventRounds "9"]
[EventCountry "CAN"]

1. d4 d5 2. Nf3 Nf6 3. c4 e6 4. Nc3 Nbd7 5. Bg5 Be7 6. e3 O-O 7. Bd3 a6 8. O-O
dxc4 9. Bxc4 b5 10. Bd3 c5 11. Qe2 Bb7 12. Rfd1 Qc7 13. Rac1 Rfe8 14. Bf4 Qb6
15. Ne5 cxd4 16. exd4 Rad8 17. h3 Nf8 18. Be3 Nd5 19. Nxd5 Bxd5 20. Bb1 Qb7 21.
f3 Rc8 22. Bd2 Rxc1 23. Rxc1 Rc8 24. Qe3 h6 25. Qe1 Bf6 26. Bb4 Nd7 27. Rxc8+
Qxc8 28. Bc3 Nb6 29. Bd2 Nc4 30. Nxc4 Qxc4 31. Bxh6 gxh6 32. Qg3+ Bg7 33. Qb8+
Bf8 34. Qg3+ Kh8 1/2-1/2

[Event "Malcolm Sim mem 2"]
[Site "Toronto CAN"]
[Date "2002.04.03"]
[Round "7"]
[White "Haziprodromu, Sam"]
[Black "Sherman, Robert"]
[Result "1-0"]
[WhiteElo "1900"]
[BlackElo "1925"]
[PlyCount "55"]
[EventDate "2002.02.13"]
[EventType "tourn"]
[EventRounds "9"]
[EventCountry "CAN"]

1. e4 e5 2. Nf3 Nc6 3. Bb5 a6 4. Ba4 Nf6 5. O-O b5 6. Bb3 Be7 7. Re1 O-O 8. d4
Nxd4 9. Bxf7+ Rxf7 10. Nxe5 Rf8 11. Qxd4 c5 12. Qd3 Bb7 13. c4 Qc7 14. Nf3 bxc4
15. Qxc4+ d5 16. exd5 Bxd5 17. Bf4 Qb7 18. Qa4 Bxf3 19. gxf3 Qxf3 20. Qc4+ Kh8
21. Nd2 Qg4+ 22. Bg3 Qd7 23. Rad1 Qb7 24. Ne4 Qxb2 25. Ng5 Ra7 26. Nf7+ Kg8 27.
Nd8+ Kh8 28. Nc6 1-0

[Event "Malcolm Sim mem 2"]
[Site "Toronto CAN"]
[Date "2002.04.03"]
[Round "7"]
[White "Millar, David"]
[Black "Sviridovitch, Slava"]
[Result "1-0"]
[WhiteElo "1855"]
[BlackElo "1872"]
[PlyCount "32"]
[EventDate "2002.02.13"]
[EventType "tourn"]
[EventRounds "9"]
[EventCountry "CAN"]

1. d4 Nf6 2. Nf3 e6 3. g3 b6 4. Bg2 Bb7 5. O-O c5 6. c3 Be7 7. Nbd2 O-O 8. Qc2
Qc7 9. e4 cxd4 10. Nxd4 a6 11. Re1 d6 12. b3 Nbd7 13. Bb2 Rac8 14. Qd1 Nc5 15.
Qe2 Nfxe4 16. Nxe4 Nxe4 1-0

[Event "Malcolm Sim mem 2"]
[Site "Toronto CAN"]
[Date "2002.04.13"]
[Round "7"]
[White "Paterson, Jim"]
[Black "Verma, Rajan"]
[Result "1-0"]
[WhiteElo "1976"]
[BlackElo "1795"]
[PlyCount "31"]
[EventDate "2002.02.13"]
[EventType "tourn"]
[EventRounds "9"]
[EventCountry "CAN"]

1. e4 Nf6 2. e5 Nd5 3. d4 d6 4. c4 Nb6 5. f4 dxe5 6. fxe5 c5 7. d5 e6 8. Nc3
Bd7 9. Nf3 h6 10. Be3 Na6 11. Be2 Be7 12. Qd2 exd5 13. cxd5 Rc8 14. O-O c4 15.
e6 fxe6 16. Ne5 1-0

[Event "Malcolm Sim mem 2"]
[Site "Toronto CAN"]
[Date "2002.04.03"]
[Round "7"]
[White "Richardson, Ross"]
[Black "Takov, Chris"]
[Result "0-1"]
[WhiteElo "1950"]
[BlackElo "1975"]
[PlyCount "76"]
[EventDate "2002.02.13"]
[EventType "tourn"]
[EventRounds "9"]
[EventCountry "CAN"]

1. d4 Nf6 2. c4 c5 3. d5 e6 4. Nc3 exd5 5. cxd5 g6 6. e4 d6 7. f4 Bg7 8. Bb5+
Bd7 9. e5 Qe7 10. Qe2 dxe5 11. fxe5 Nh5 12. Nf3 O-O 13. Bg5 f6 14. d6 Qe8 15.
e6 Bxb5 16. Nxb5 Na6 17. Bd2 f5 18. O-O Bxb2 19. Rad1 Ng7 20. e7 Rf7 21. Bg5
Bd4+ 22. Nfxd4 cxd4 23. Rxd4 Qd7 24. Re1 Re8 25. Bh6 Nh5 26. Bg5 Ng7 27. Qe5 b6
28. Nc3 Nc5 29. Nd5 Ne4 30. Rexe4 fxe4 31. Nf6+ Rxf6 32. Qxf6 Nf5 33. Rd1 Nxe7
34. Qxe7 Rxe7 35. Bxe7 Kf7 36. Rf1+ Ke6 37. Rf8 e3 38. Rd8 Qc6 0-1

[Event "Malcolm Sim mem 2"]
[Site "Toronto CAN"]
[Date "2002.04.10"]
[Round "8"]
[White "Shah, Omar"]
[Black "Paterson, Jim"]
[Result "0-1"]
[WhiteElo "1912"]
[BlackElo "1976"]
[PlyCount "112"]
[EventDate "2002.02.13"]
[EventType "tourn"]
[EventRounds "9"]
[EventCountry "CAN"]

1. e4 e6 2. d4 d5 3. Nc3 Bb4 4. e5 Qd7 5. a3 Bf8 6. Be3 b6 7. Bb5 c6 8. Ba4 Ba6
9. Nge2 Ne7 10. Ng3 Ng6 11. Nce2 Be7 12. O-O Bc4 13. c3 Na6 14. f4 Nh4 15. Bc2
g6 16. b3 Bxe2 17. Qxe2 Nc7 18. c4 Nf5 19. Nxf5 gxf5 20. Qh5 Bf8 21. Kh1 O-O-O
22. g4 fxg4 23. f5 Qe8 24. fxe6 fxe6 25. Qxe8 Rxe8 26. Rf7 Re7 27. Raf1 Rxf7
28. Rxf7 Bxa3 29. Bxh7 Rf8 30. Rxf8+ Bxf8 31. Kg2 dxc4 32. bxc4 b5 33. Be4 Kd7
34. Bd3 a5 35. Kg3 a4 36. Bc2 bxc4 37. Bxa4 Nd5 38. Kf2 Bb4 39. Bd1 Be1+ 40.
Ke2 Bh4 41. Bd2 g3 42. hxg3 Bxg3 43. Bh6 Bh2 44. Kf1 Bg3 45. Bf8 Bf4 46. Ke2
Nc3+ 47. Ke1 Ne4 48. Bc2 Nc3 49. Bb4 Nb5 50. Bd2 Bxd2+ 51. Kxd2 Nxd4 52. Be4
Nb5 53. Kc2 Kc7 54. Bg2 Kb6 55. Bh3 Kc5 56. Bxe6 Nd4+ 0-1

[Event "Malcolm Sim mem 2"]
[Site "Toronto CAN"]
[Date "2002.04.06"]
[Round "8"]
[White "Sherman, Robert"]
[Black "Millar, David"]
[Result "0-1"]
[WhiteElo "1962"]
[BlackElo "1855"]
[PlyCount "50"]
[EventDate "2002.02.13"]
[EventType "tourn"]
[EventRounds "9"]
[EventCountry "CAN"]

1. e4 c5 2. Nf3 Nc6 3. d4 cxd4 4. Nxd4 Nf6 5. Nc3 d6 6. Bc4 e6 7. Bb3 Be7 8.
Be3 Qa5 9. f3 O-O 10. Qd2 Nxd4 11. Bxd4 Nd7 12. O-O Nc5 13. f4 a6 14. Qf2 Nxb3
15. axb3 Qh5 16. Bb6 Bd7 17. Ra5 f5 18. Qd2 Bc6 19. Re1 Qg6 20. Nd5 Bh4 21.
exf5 Rxf5 22. Rxe6 Qxe6 23. Nc7 Rxa5 24. Bxa5 Qe4 25. Nxa8 Be1 0-1

[Event "Malcolm Sim mem 2"]
[Site "Toronto CAN"]
[Date "2002.04.10"]
[Round "8"]
[White "Sviridovitch, Slava"]
[Black "Richardson, Ross"]
[Result "1-0"]
[WhiteElo "1872"]
[BlackElo "1906"]
[PlyCount "65"]
[EventDate "2002.02.13"]
[EventType "tourn"]
[EventRounds "9"]
[EventCountry "CAN"]

1. d4 Nf6 2. c4 g6 3. Nc3 Bg7 4. e4 d6 5. Bg5 h6 6. Bf4 c5 7. d5 Qa5 8. Bd2 O-O
9. Bd3 a6 10. Nge2 Qc7 11. O-O Nbd7 12. f4 b5 13. Ng3 b4 14. Nce2 e6 15. Rc1
exd5 16. exd5 Re8 17. Kh1 h5 18. Qc2 h4 19. Ne4 Nxe4 20. Bxe4 Nf6 21. Bd3 Bg4
22. Rce1 Re7 23. f5 Bxe2 24. Bxe2 Rae8 25. Bg5 Re4 26. Bxf6 Bxf6 27. fxg6 Kg7
28. Rxf6 Kxf6 29. Rf1+ Ke5 30. Bd3 f5 31. Bxe4 fxe4 32. Qf2 Qg7 33. b3 1-0

[Event "Malcolm Sim mem 2"]
[Site "Toronto CAN"]
[Date "2002.04.10"]
[Round "8"]
[White "Takov, Chris"]
[Black "Bergeron, Florian"]
[Result "1-0"]
[WhiteElo "1972"]
[BlackElo "1907"]
[PlyCount "121"]
[EventDate "2002.02.13"]
[EventType "tourn"]
[EventRounds "9"]
[EventCountry "CAN"]

1. d4 Nf6 2. b3 g6 3. Bb2 Bg7 4. Nf3 d5 5. g3 O-O 6. Bg2 c5 7. O-O cxd4 8. Bxd4
Nc6 9. Bb2 e6 10. Nbd2 Bd7 11. c4 Rc8 12. cxd5 Nxd5 13. Bxg7 Kxg7 14. Nc4 Qe7
15. Rc1 b5 16. Nce5 Nxe5 17. Nxe5 Rxc1 18. Qxc1 Rc8 19. Qd2 Nf6 20. g4 Be8 21.
g5 Ng8 22. Ng4 e5 23. Qe3 Qc5 24. Qg3 Qc3 25. e3 Rc5 26. h4 Bd7 27. b4 Qxb4 28.
Nxe5 Bf5 29. Nf3 Qb2 30. Nd4 Bd3 31. Qd6 Bxf1 32. Qxc5 Bxg2 33. Kxg2 Qxa2 34.
Qxb5 h5 35. Qe5+ Kh7 36. Kf3 Qc4 37. Ke4 Qb4 38. Qd5 Kg7 39. Qd7 Qe7+ 40. Qxe7
Nxe7 41. Kd3 Kf8 42. e4 Ke8 43. f4 Kd7 44. Kc4 Nc8 45. e5 Ne7 46. Kc5 Kc7 47.
Nb5+ Kd7 48. Nxa7 Nf5 49. Kd5 Nxh4 50. Ke4 Nf5 51. Nb5 h4 52. Kf3 Ke6 53. Nc3
h3 54. Ne4 Nh4+ 55. Kg3 h2 56. Nf2 Kf5 57. Kxh4 Kxf4 58. Kh3 Kxe5 59. Kxh2 f6
60. Ng4+ Kf4 61. gxf6 1-0

[Event "Malcolm Sim mem 2"]
[Site "Toronto CAN"]
[Date "2002.04.10"]
[Round "8"]
[White "Verma, Rajan"]
[Black "Haziprodromu, Sam"]
[Result "0-1"]
[WhiteElo "1900"]
[BlackElo "1975"]
[PlyCount "34"]
[EventDate "2002.02.13"]
[EventType "tourn"]
[EventRounds "9"]
[EventCountry "CAN"]

1. Nf3 Nf6 2. g3 g6 3. Bg2 Bg7 4. O-O O-O 5. d4 d6 6. c4 Nbd7 7. Nc3 a5 8. e4
e5 9. Re1 exd4 10. Nxd4 Re8 11. f4 Nc5 12. f5 Nfd7 13. Be3 Ne5 14. b3 c6 15.
Qd2 Ng4 16. Bf4 Qb6 17. h3 Nxb3 0-1

[Event "Malcolm Sim mem 2"]
[Site "Toronto CAN"]
[Date "2002.04.15"]
[Round "9"]
[White "Bergeron, Florian"]
[Black "Sviridovitch, Slava"]
[Result "0-1"]
[WhiteElo "1907"]
[BlackElo "1872"]
[PlyCount "84"]
[EventDate "2002.02.13"]
[EventType "tourn"]
[EventRounds "9"]
[EventCountry "CAN"]

1. e4 c5 2. Nf3 e6 3. d4 cxd4 4. Nxd4 a6 5. g3 b5 6. Bg2 Bb7 7. O-O Nf6 8. Qe2
Qc7 9. Nd2 Be7 10. Kh1 O-O 11. f4 d6 12. c3 Nbd7 13. N2b3 Nc5 14. Nxc5 Qxc5 15.
Bd2 e5 16. Nf5 Bd8 17. g4 d5 18. fxe5 Nxe4 19. Be3 Qc6 20. Bxe4 dxe4 21. Nd6
Bc7 22. Rad1 Rad8 23. Nxb7 Qxb7 24. Rxd8 Rxd8 25. Rd1 Rd3 26. e6 fxe6 27. Rf1
Rd8 28. Qf2 Bd6 29. Rd1 Rf8 30. Qg2 Rf3 31. Qe2 Bf4 32. Bg1 Rd3 33. Re1 e3+ 34.
Qg2 Qxg2+ 35. Kxg2 Rd2+ 36. Kf3 Bxh2 37. Bxh2 Rxh2 38. Kxe3 Rxb2 39. a4 Kf7 40.
axb5 axb5 41. Kd4 Rg2 42. Re4 Rg3 0-1

[Event "Malcolm Sim mem 2"]
[Site "Toronto CAN"]
[Date "2002.04.15"]
[Round "9"]
[White "Haziprodromu, Sam"]
[Black "Shah, Omar"]
[Result "0-1"]
[WhiteElo "1950"]
[BlackElo "1890"]
[PlyCount "116"]
[EventDate "2002.02.13"]
[EventType "tourn"]
[EventRounds "9"]
[EventCountry "CAN"]

1. e4 Nc6 2. d4 e5 3. Nf3 exd4 4. Nxd4 Bc5 5. Nb3 Bb6 6. Nc3 Nf6 7. Be2 d6 8.
O-O a6 9. Bg5 Ne7 10. Qd2 Be6 11. Kh1 Ng4 12. Nd4 Qd7 13. f4 f6 14. Bh4 h5 15.
Rad1 O-O-O 16. Bf2 Nxf2+ 17. Rxf2 Bg4 18. f5 Nc6 19. Nxc6 Qxc6 20. Nd5 Kb8 21.
Rf4 Bxe2 22. Qxe2 Rde8 23. c4 Ba7 24. b4 Re5 25. h3 Qe8 26. Qc2 c6 27. Nc3 Qe7
28. a4 Kc7 29. a5 Kb8 30. Rf3 Ka8 31. Qd3 Bb8 32. b5 Qc7 33. Rf2 d5 34. b6 Qd6
35. g3 Qc5 36. Kg2 dxc4 37. Qf3 g5 38. fxg6 Rg5 39. e5 Qxe5 40. Ne4 Rxg6 41.
Qf5 Rhg8 42. Qxe5 Bxe5 43. Rf3 c3 44. Nxc3 Bxg3 45. Ne2 Be1+ 46. Kf1 Bxa5 47.
Rb1 Bd2 48. Kf2 Rg2+ 49. Kf1 Rh2 50. Rbb3 Re8 51. Rf2 Rh1+ 52. Kg2 Re1 53. Nd4
Be3 54. Rxe3 R1xe3 55. Rxf6 Rg8+ 56. Kf2 Rxh3 57. Ne6 Rb3 58. Nc7+ Kb8 0-1

[Event "Malcolm Sim mem 2"]
[Site "Toronto CAN"]
[Date "2002.04.17"]
[Round "9"]
[White "Paterson, Jim"]
[Black "Takov, Chris"]
[Result "1/2-1/2"]
[WhiteElo "1976"]
[BlackElo "1972"]
[PlyCount "126"]
[EventDate "2002.02.13"]
[EventType "tourn"]
[EventRounds "9"]
[EventCountry "CAN"]

1. d4 Nf6 2. Nf3 c5 3. d5 e6 4. c4 exd5 5. cxd5 g6 6. Nc3 Bg7 7. e4 d6 8. Be2
a6 9. a4 O-O 10. O-O Re8 11. Nd2 Qa5 12. Nc4 Qc7 13. f3 Bd7 14. Bf4 Bf8 15. Qd2
Nh5 16. Bh6 Ng7 17. g4 Ra7 18. Qf4 b6 19. Qg3 Rb7 20. Bf4 b5 21. axb5 axb5 22.
Nxd6 Bxd6 23. Bxd6 Qc8 24. Ra8 c4 25. Rfa1 b4 26. Nd1 c3 27. bxc3 bxc3 28. Rxb8
Rxb8 29. Bxb8 c2 30. Bf4 cxd1=R+ 31. Bxd1 Qc3 32. Rc1 Qd3 33. Qf2 h5 34. h3
hxg4 35. hxg4 Ra8 36. Be5 Bb5 37. Bc2 Qc4 38. Qd4 Qxd4+ 39. Bxd4 Rc8 40. Be3
Ne8 41. Bd1 Ra8 42. Kf2 Nd6 43. Rc2 f6 44. Be2 Be8 45. Bd4 Kg7 46. g5 Nf7 47.
Bxf6+ Kh7 48. f4 Ra4 49. Bf3 Bb5 50. Rc7 Kg8 51. Rc8+ Kh7 52. Rf8 Ra2+ 53. Kg3
Ra7 54. e5 Be2 55. Rxf7+ Rxf7 56. Bxe2 Ra7 57. e6 Ra2 58. Bf3 Kg8 59. d6 Rd2
60. d7 Kh7 61. d8=Q Rg2+ 62. Kh3 Rh2+ 63. Kg3 Rg2+ 1/2-1/2

[Event "Malcolm Sim mem 2"]
[Site "Toronto CAN"]
[Date "2002.04.17"]
[Round "9"]
[White "Richardson, Ross"]
[Black "Millar, David"]
[Result "1-0"]
[WhiteElo "1906"]
[BlackElo "1855"]
[PlyCount "71"]
[EventDate "2002.02.13"]
[EventType "tourn"]
[EventRounds "9"]
[EventCountry "CAN"]

1. d4 Nf6 2. c4 e6 3. Nc3 Bb4 4. Nf3 O-O 5. Bg5 d5 6. cxd5 exd5 7. g3 c6 8. Bg2
h6 9. Bd2 Bg4 10. h3 Bh5 11. O-O Bd6 12. Ne5 Nbd7 13. g4 Bg6 14. Nxg6 fxg6 15.
e4 dxe4 16. Nxe4 Nxe4 17. Bxe4 Qh4 18. Qb3+ Kh8 19. Bxg6 Nf6 20. Bf5 h5 21. Kg2
b6 22. f4 Nd5 23. Rac1 Rae8 24. Qf3 c5 25. Rf2 Ne7 26. Bd3 Qf6 27. Qe4 g6 28.
dxc5 Nc8 29. Bc3 Qxc3 30. Qxg6 Qg7 31. Qxh5+ Kg8 32. Bc4+ Rf7 33. Bxf7+ Qxf7
34. Qxf7+ Kxf7 35. cxd6 Nxd6 36. Rc7+ 1-0

[Event "March TNT"]
[Site "Winnipeg CAN"]
[Date "2002.03.05"]
[Round "1.1"]
[White "Milord, Frank"]
[Black "Khedkar, Jay"]
[Result "0-1"]
[WhiteElo "1697"]
[BlackElo "2057"]
[PlyCount "66"]
[EventDate "2002.03.05"]
[EventType "swiss"]
[EventRounds "4"]
[EventCountry "CAN"]

1. e4 c5 2. Nf3 d6 3. d4 cxd4 4. Nxd4 Nf6 5. Nc3 a6 6. Bg5 e6 7. f4 Nbd7 8. Bc4
Qc7 9. Qe2 b5 10. Bd3 Bb7 11. O-O-O Be7 12. Rhe1 b4 13. Nd5 Nxd5 14. exd5 Bxd5
15. Bxe7 Kxe7 16. Kb1 Nc5 17. Nf5+ Kf8 18. Ne3 Bc6 19. Nc4 Bb5 20. b3 a5 21.
Ne5 Nxd3 22. Nxd3 Rc8 23. Qd2 g6 24. Nb2 Kg7 25. Qd4+ e5 26. fxe5 Qxc2+ 27. Ka1
Rhe8 28. exd6+ f6 29. Qa7+ Kh6 30. Qg1 Be2 31. Rc1 Qd2 32. Rxc8 Rxc8 33. Nc4
Rxc4 0-1

[Event "March TNT"]
[Site "Winnipeg CAN"]
[Date "2002.03.05"]
[Round "1.2"]
[White "Schulz, Waldemar"]
[Black "Hanrahan, Nigel"]
[Result "1-0"]
[WhiteElo "2043"]
[BlackElo "1682"]
[PlyCount "47"]
[EventDate "2002.03.05"]
[EventType "swiss"]
[EventRounds "4"]
[EventCountry "CAN"]

1. d4 d5 2. c4 c6 3. Nc3 Nf6 4. Bg5 h6 5. Bh4 e6 6. e3 Nbd7 7. Nf3 Qa5 8. Qc2
Ne4 9. Bd3 Nxc3 10. bxc3 Qc7 11. O-O Be7 12. Bxe7 Kxe7 13. e4 dxe4 14. Bxe4 Nf6
15. Bd3 Rd8 16. Rfe1 Kf8 17. Qe2 c5 18. Rac1 Bd7 19. Bc2 Bc6 20. Red1 Bxf3 21.
Qxf3 cxd4 22. cxd4 Qxc4 23. Qa3+ Kg8 24. Bh7+ 1-0

[Event "March TNT"]
[Site "Winnipeg CAN"]
[Date "2002.03.05"]
[Round "1.3"]
[White "Rutter, Blair"]
[Black "Kohalmi, Andy"]
[Result "0-1"]
[WhiteElo "1599"]
[BlackElo "1911"]
[PlyCount "80"]
[EventDate "2002.03.05"]
[EventType "swiss"]
[EventRounds "4"]
[EventCountry "CAN"]

1. d4 Nf6 2. c4 e6 3. Nc3 d5 4. e3 Bb4 5. Bd2 O-O 6. Nf3 c6 7. a3 Bd6 8. b4
Nbd7 9. Be2 Re8 10. O-O b6 11. c5 bxc5 12. bxc5 Bc7 13. Rb1 e5 14. Qa4 e4 15.
Ne1 Nb8 16. g3 Bh3 17. Ng2 h5 18. Rfe1 Ng4 19. Bxg4 Bxg4 20. Rb2 Bf3 21. Nh4
Qd7 22. Nxf3 exf3 23. Qd1 Qf5 24. Kh1 Nd7 25. Rb7 Rac8 26. Rf1 Nf6 27. Ne2 fxe2
28. Qxe2 Bb8 29. a4 Qh3 30. Qf3 Re4 31. Rg1 Rf8 32. Ba5 h4 33. Bc7 Re7 34. Rxb8
Rxc7 35. Rb2 Re7 36. Qf4 hxg3 37. Rxg3 Qe6 38. Rb1 Nh5 39. Qg4 Nxg3+ 40. Qxg3
Qe4+ 0-1

[Event "March TNT"]
[Site "Winnipeg CAN"]
[Date "2002.03.05"]
[Round "1.4"]
[White "Haapamaki, Eric"]
[Black "Pottinger, Carl"]
[Result "1-0"]
[WhiteElo "1803"]
[BlackElo "1528"]
[PlyCount "119"]
[EventDate "2002.03.05"]
[EventType "swiss"]
[EventRounds "4"]
[EventCountry "CAN"]

1. e4 c5 2. Nf3 Nc6 3. d4 cxd4 4. Nxd4 g6 5. Be3 Bg7 6. Nc3 d6 7. f3 Bd7 8. Qd2
Rc8 9. h4 Nf6 10. O-O-O Ne5 11. Kb1 O-O 12. Be2 Qa5 13. g4 Nc4 14. Bxc4 Rxc4
15. h5 Rfc8 16. hxg6 fxg6 17. Rh2 Rxc3 18. bxc3 Rxc3 19. Nb3 Qb4 20. Bd4 Rc4
21. Qxb4 Rxb4 22. g5 Nh5 23. Bxg7 Kxg7 24. e5 a5 25. Kc1 a4 26. Nc5 dxc5 27.
Rxd7 Kf7 28. Rc7 Ke6 29. Rxc5 b6 30. Rc7 Ng7 31. Rxh7 Nf5 32. Rc6+ Kxe5 33.
Rxg6 Kf4 34. Rf7 a3 35. Rc6 Kxg5 36. Rc3 e5 37. Rxa3 Rc4 38. Kd2 Nd4 39. c3 Nf5
40. Rb3 Ra4 41. Rxb6 Rxa2+ 42. Kd3 Ra4 43. Rb4 Rxb4 44. cxb4 Nd6 45. Rd7 Nb5
46. Kc4 Na3+ 47. Kd5 Kf6 48. Rb7 Nc2 49. b5 Nb4+ 50. Ke4 Na2 51. Rb6+ Ke7 52.
Kxe5 Nb4 53. Rb7+ Kd8 54. Kd6 Kc8 55. Rc7+ Kb8 56. b6 Na6 57. f4 Nb4 58. Rh7
Nd3 59. f5 Nf2 60. Kc6 1-0

[Event "March TNT"]
[Site "Winnipeg CAN"]
[Date "2002.03.05"]
[Round "1.5"]
[White "Weijs, Harry"]
[Black "Greenberg, Harley"]
[Result "0-1"]
[WhiteElo "1528"]
[BlackElo "1738"]
[PlyCount "110"]
[EventDate "2002.03.05"]
[EventType "swiss"]
[EventRounds "4"]
[EventCountry "CAN"]

1. d4 g6 2. e4 Bg7 3. Nf3 d6 4. Bc4 Nf6 5. e5 dxe5 6. Nxe5 O-O 7. c3 b5 8. Qf3
c6 9. Bxb5 Bb7 10. O-O Qb6 11. Bc4 c5 12. d5 e6 13. Nc6 Nxc6 14. dxc6 Bxc6 15.
Qe2 Rab8 16. Nd2 Nd5 17. Nf3 Rfe8 18. Ne5 Qc7 19. Nxc6 Qxc6 20. Qf3 Red8 21. a4
Ne7 22. Qxc6 Nxc6 23. a5 Ne5 24. Be2 c4 25. Rd1 Nd3 26. Bxd3 Rxd3 27. Rxd3 cxd3
28. Ra3 d2 29. Bxd2 Rxb2 30. Be1 Rb1 31. Kf1 Bh6 32. Ke2 Bc1 33. Ra2 Rb3 34.
Rc2 Ba3 35. c4 Bc5 36. Bd2 Ra3 37. Rb2 Ra4 38. Bh6 f5 39. Rb8+ Kf7 40. Rb7+ Kf6
41. Bg7+ Kg5 42. h4+ Kh5 43. Bf6 Ra2+ 44. Kf3 Rxf2+ 45. Kg3 f4+ 46. Kh3 g5 47.
hxg5 Rf1 48. Rxh7+ Kg6 49. Rg7+ Kf5 50. g4+ Ke4 51. Rd7 Rg1 52. Rd2 Rh1+ 53.
Rh2 Rg1 54. Kh4 Kf3 55. Rh3+ Kg2 0-1

[Event "March TNT"]
[Site "Winnipeg CAN"]
[Date "2002.03.05"]
[Round "1.6"]
[White "Czarny, Keith"]
[Black "Gibbons, Lorne"]
[Result "1-0"]
[WhiteElo "1734"]
[BlackElo "1266"]
[PlyCount "55"]
[EventDate "2002.03.05"]
[EventType "swiss"]
[EventRounds "4"]
[EventCountry "CAN"]

1. Nf3 d5 2. g3 Nc6 3. Bg2 e5 4. d3 Nf6 5. O-O Be6 6. Nbd2 Qd7 7. c4 O-O-O 8.
cxd5 Bxd5 9. b3 Be7 10. Bb2 Bd6 11. Rc1 Qe7 12. Nc4 Bxc4 13. Rxc4 Ba3 14. Qc2
Nd5 15. Bxa3 Qxa3 16. Rxc6 bxc6 17. Qxc6 Qd6 18. Qa8+ Kd7 19. Qxa7 Ra8 20. Qb7
f6 21. Nxe5+ fxe5 22. Qxd5 Rxa2 23. Qe4 g6 24. Rc1 Ra7 25. h4 Rf8 26. b4 Rb8
27. Rc5 Re8 28. Rd5 1-0